| LEADER | 03850nam a2200445 4500 | ||
|---|---|---|---|
| 999 | |c 14832 |d 14832 | ||
| 022 | |a 1859-2759 | ||
| 082 | |a 500 |b T109c | ||
| 100 | |a Trường Đại học Hồng Đức | ||
| 242 | |a Journal of science | ||
| 245 | |a Tạp chí khoa học: Trường ĐH Hồng Đức | ||
| 260 | |a Thanh Hóa |b Trường Đại học Hồng Đức | ||
| 520 | |a | ||
| 653 | |a Khoa học | ||
| 653 | |a Tạp chí | ||
| 653 | |a Thanh Hóa | ||
| 942 | |2 ddc |c BTC |s 1 | ||
| 952 | |0 0 |1 0 |2 ddc |4 0 |6 500_000000000000000_T109C |7 0 |8 600 |9 117888 |a qbu |b qbu |c D1 |d 2020-05-18 |o 500 T109c |p TC34.C1 |r 2020-05-18 |w 2020-05-18 |y BTC | ||
| 952 | |0 0 |1 0 |2 ddc |4 0 |6 500_000000000000000_T109C |7 0 |8 600 |9 117889 |a qbu |b qbu |c D1 |d 2020-05-18 |o 500 T109c |p TC34.C2 |r 2020-05-18 |w 2020-05-18 |y BTC | ||
| 952 | |0 0 |1 0 |2 ddc |4 0 |6 500_000000000000000_T109C |7 0 |8 600 |9 117890 |a qbu |b qbu |c D1 |d 2020-05-18 |o 500 T109c |p TC34.C3 |r 2020-05-18 |w 2020-05-18 |y BTC | ||
| 952 | |0 0 |1 0 |2 ddc |4 0 |6 500_000000000000000_T109C |7 0 |8 600 |9 117891 |a qbu |b qbu |c D1 |d 2020-05-18 |o 500 T109c |p TC34.C4 |r 2020-05-18 |w 2020-05-18 |y BTC | ||
| 952 | |0 0 |1 0 |2 ddc |4 0 |6 500_000000000000000_T109C |7 0 |8 600 |9 117892 |a qbu |b qbu |c D1 |d 2020-05-18 |o 500 T109c |p TC34.C5 |r 2020-05-18 |w 2020-05-18 |y BTC | ||
| 952 | |0 0 |1 0 |2 ddc |4 0 |6 500_000000000000000_T109C |7 0 |8 600 |9 117893 |a qbu |b qbu |c D1 |d 2020-05-18 |o 500 T109c |p TC34.C6 |r 2020-05-18 |w 2020-05-18 |y BTC | ||
| 952 | |0 0 |1 0 |2 ddc |4 0 |6 500_000000000000000_T109C |7 0 |8 600 |9 117894 |a qbu |b qbu |c D1 |d 2020-05-18 |o 500 T109c |p TC34.C7 |r 2020-05-18 |w 2020-05-18 |y BTC | ||
| 952 | |0 0 |1 0 |2 ddc |4 0 |6 500_000000000000000_T109C |7 0 |8 600 |9 117895 |a qbu |b qbu |c D1 |d 2020-05-18 |o 500 T109c |p TC34.C8 |r 2020-05-18 |w 2020-05-18 |y BTC | ||
| 952 | |0 0 |1 0 |2 ddc |4 0 |6 500_000000000000000_T109C |7 0 |8 600 |9 117896 |a qbu |b qbu |c D1 |d 2020-05-18 |o 500 T109c |p TC34.C9 |r 2020-05-18 |w 2020-05-18 |y BTC | ||
| 952 | |0 0 |1 0 |2 ddc |4 0 |6 500_000000000000000_T109C |7 0 |8 600 |9 117897 |a qbu |b qbu |c D1 |d 2020-05-18 |o 500 T109c |p TC34.C10 |r 2020-05-18 |w 2020-05-18 |y BTC | ||
| 952 | |0 0 |1 0 |2 ddc |4 0 |6 500_000000000000000_T109C |7 0 |8 600 |9 117898 |a qbu |b qbu |c D1 |d 2020-05-18 |o 500 T109c |p TC34.C11 |r 2020-05-18 |w 2020-05-18 |y BTC | ||
| 952 | |0 0 |1 0 |2 ddc |4 0 |6 500_000000000000000_T109C |7 0 |8 600 |9 117899 |a qbu |b qbu |c D1 |d 2020-05-18 |o 500 T109c |p TC34.C12 |r 2020-05-18 |w 2020-05-18 |y BTC | ||
| 952 | |0 0 |1 0 |2 ddc |4 0 |6 500_000000000000000_T109C |7 0 |8 600 |9 117900 |a qbu |b qbu |c D1 |d 2020-05-18 |o 500 T109c |p TC34.C13 |r 2020-05-18 |w 2020-05-18 |y BTC | ||
| 952 | |0 0 |1 0 |2 ddc |4 0 |6 500_000000000000000_T109C |7 0 |8 600 |9 117901 |a qbu |b qbu |c D1 |d 2020-05-18 |o 500 T109c |p TC34.C14 |r 2020-05-18 |w 2020-05-18 |y BTC | ||
| 952 | |0 0 |1 0 |2 ddc |4 0 |6 500_000000000000000_T109C |7 0 |8 600 |9 117902 |a qbu |b qbu |c D1 |d 2020-05-18 |o 500 T109c |p TC34.C15 |r 2020-05-18 |w 2020-05-18 |y BTC | ||
| 952 | |0 0 |1 0 |2 ddc |4 0 |6 500_000000000000000_T109C |7 0 |8 600 |9 117903 |a qbu |b qbu |c D1 |d 2020-05-18 |o 500 T109c |p TC34.C16 |r 2020-05-18 |w 2020-05-18 |y BTC | ||
| 952 | |0 0 |1 0 |2 ddc |4 0 |6 500_000000000000000_T109C |7 0 |8 600 |9 117904 |a qbu |b qbu |c D1 |d 2020-05-18 |o 500 T109c |p TC34.C17 |r 2020-05-18 |w 2020-05-18 |y BTC | ||
| 952 | |0 0 |1 0 |2 ddc |4 0 |6 500_000000000000000_T109C |7 0 |8 600 |9 117905 |a qbu |b qbu |c D1 |d 2020-05-18 |o 500 T109c |p TC34.C18 |r 2020-05-18 |w 2020-05-18 |y BTC | ||
| 952 | |0 0 |1 0 |2 ddc |4 0 |6 500_000000000000000_T109C |7 0 |8 600 |9 117906 |a qbu |b qbu |c D1 |d 2020-05-18 |o 500 T109c |p TC34.C19 |r 2020-05-18 |w 2020-05-18 |y BTC | ||
| 952 | |0 0 |1 0 |2 ddc |4 0 |6 500_000000000000000_T109C |7 0 |8 600 |9 117907 |a qbu |b qbu |c D1 |d 2020-05-18 |o 500 T109c |p TC34.C20 |r 2020-05-18 |w 2020-05-18 |y BTC | ||
| 952 | |0 0 |1 0 |2 ddc |4 0 |6 500_000000000000000_T109C |7 0 |8 600 |9 117908 |a qbu |b qbu |c D1 |d 2020-05-18 |o 500 T109c |p TC34.C21 |r 2020-05-18 |w 2020-05-18 |y BTC | ||
| 952 | |0 0 |1 0 |2 ddc |4 0 |6 500_000000000000000_T109C |7 0 |8 600 |9 117909 |a qbu |b qbu |c D1 |d 2020-05-18 |o 500 T109c |p TC34.C22 |r 2020-05-18 |w 2020-05-18 |y BTC | ||
| 952 | |0 0 |1 0 |2 ddc |4 0 |6 500_000000000000000_T109C |7 0 |8 600 |9 117910 |a qbu |b qbu |c D1 |d 2020-05-18 |o 500 T109c |p TC34.C23 |r 2020-05-18 |w 2020-05-18 |y BTC | ||